Normal view
MARC view
- Oliver, Mike
Entry Personal Name
001 - CONTROL NUMBER
- control field: 130499
003 - CONTROL NUMBER IDENTIFIER
- control field: NUST
005 - DATE AND TIME OF LATEST TRANSACTION
- control field: 20250919162924.0
008 - FIXED-LENGTH DATA ELEMENTS
- fixed length control field: 250919|| aca||aabn | a|a d
040 ## - CATALOGING SOURCE
- Original cataloging agency: NUST
- Transcribing agency: NUST
100 ## - HEADING--PERSONAL NAME
- Personal name: Oliver, Mike
670 ## - SOURCE DATA FOUND
- Source citation: Work cat.: (NUST)176550: Pandolfi, Fred. 130498, Microsoft Foundation Class 4 bible /, 1996.
